Statistics for Countries Closest to North Korea by First 2 Letters

Click here to take the quiz!

General Stats

  • This quiz has been taken 48 times
  • The average score is 14 of 20

Answer Stats

kmcountrymiles% Correct
0China0
100%
0South Korea0
100%
491Japan305
93%
2849India1770
90%
0Russia0
90%
2766Laos1718
83%
3014Thailand1872
83%
768Mongolia477
80%
1439Taiwan894
78%
1941Philippines1206
71%
2440Vietnam1515
71%
3203Cambodia1989
63%
2731Myanmar1696
63%
3486Malaysia2165
59%
3430Palau2130
54%
3359Bhutan2086
51%
3092Kazakhstan1921
49%
3357Bangladesh2085
41%
3286United States2042
34%
3348Micronesia2080
22%

Score Distribution

Percentile by Number Answered

Percent of People with Each Score

Your Score History

You have not taken this quiz